01516nam a2200301 4500001000400000003000400004005001700008008004100025020001800066040000800084041001300092082001500105100002900120240002100149245007400170260003200244300001100276490002900287520073800316650002501054650001301079650001301092650002101105655001201126655001601138700003101154830002901185236OSt20250528074015.0250205b |||||||g |||| 00| 1 eng d a9788580415513 bpor hengapor a813bF299m aFeist, Raymond E.d1945- aMagician: master aMago:bMestre /cFeist, Raymond E. ; Tradução de Cristina Correia aSão PaulobArqueiroc2016 a415 p.1 aA saga do MagovLivro 02 aPassaram-se três anos desde o terrível cerco a Crydee. Os três rapazes que eram melhores amigos se encontram agora a quilômetros de distância uns dos outros. Pug, um escravo dos tsurani, está prestes a se tornar um dos maiores magos que já existiram. Tomas, um grande guerreiro entre os elfos, arrisca-se a perder sua humanidade para a armadura encantada que veste. Arutha, Príncipe de Crydee, luta desesperadamente contra invasores e traidores para salvar seu reino. Mestre, segundo livro da série A Saga do Mago, é recheado de aventura, emoção e ameaças tão antigas quanto o próprio tempo. Nele, Raymond E. Feist volta a provar que é um dos maiores nomes da literatura fantástica contemporânea. 0aLiteratura Americana 0aFantasia 0aAventura 0aSeres mágicos  0aRomance 0aFicção  aCristina CorreiaeTradutor aA saga do MagovLivro 02